000
00305nam a2200121Ia 4500
008
190216s9999||||xx |||||||||||||| ||und||
100
_a
Burkill J C
245
2
_a
A First Course In Mathematical Analysis
260
_b
Vikas Publishing House
_c
1979
300
_a
185p
650
_a
Mathematics
942
_c
BK
999
_c
30798
_d
30798